000 00442 a2200133 4500
001 91413
082 _aPR 1309
090 _c43543
_d43542
100 _aJunaid Bin Naeem; Dr. Sohail Ahmed and Mudassar Mushtaq (Advisors)
245 _aImplementation of Techniques for Automatic Modulation Detection in Wireless Communication : Phase II
_n72 "B" EC
260 _aRawalpindi
_bNUST
_c2012
300 _aviii, 47p
500 _aBE Project Reports
942 _aCAE NUST
_kPR 1309
999 _c326486
_d326486